| 000 | 01743cad a22002535a 4500 | ||
|---|---|---|---|
| 001 | L144933 | ||
| 008 | 110419s2008 xxkbod f s 000 0 eng d | ||
| 035 | _a(Sirsi) u144933 | ||
| 041 | 0 | _aeng | |
| 050 | 0 | 4 | _a333.32 $2 18 |
| 110 | 2 |
_aPriceWaterhouseCoopers _93793 |
|
| 245 | 0 | 4 |
_aThe rising elephant _bbenefits of modern trade to Indian economy _h[electronic resource] |
| 260 |
_bPWC _c2008 |
||
| 505 | 2 | _aIndia - poised for rapid growth -- Benefits of modern trade to the Indian economy -- Impact of modern trade on agriculture in India -- Impact of modern trade on sourcing from India -- Government's role in leapfrogging the retail revolution in India | |
| 505 | 2 | _aCase studies demonstrating the benefits of modern trade: RPG retail experience; Metro Cash & Carry experience in India; ITC's foray into India's heartland; Carrefour's impact on the Thai and the Chinese economies; Kingfisher Plc's contribution in China and Poland; Wal-Mart experience in China and UK | |
| 520 | _aThis paper has been written with the intention of mapping the current state of affairs in the emerging modern trade industry in India and to identify the catalysts required for further growth. Case studies from other transitional economies have been presented to allow government and commercial stakeholders to prepare the necessary infrastructure required to better grow the affected sectors in future. | ||
| 521 | _aAdvanced | ||
| 590 | _aKA | ||
| 651 | 4 | _aAsia Pacific | |
| 690 | _aPROPERTY-COMMERCIAL PROPERTY | ||
| 710 | 1 | _aConfederation of Indian Industry | |
| 856 | 4 | 8 |
_uhttps://www.pwc.com/en_IN/in/assets/pdfs/rising-elephant-benefits-of-modern-tradeto-indian-economy.pdf _zView the item free of charge online at www.pwc.com |
| 942 | _n0 | ||
| 999 |
_c108658 _d108658 |
||